| 000 | 00000nam 2200000zi 4500 |
| 001 | 9.920959 |
| 003 | CaOODSP |
| 005 | 20241122115948 |
| 006 | m o d f |
| 007 | cr mn||||||||| |
| 008 | 230315t20232023quca o f000 0 ||| d |
| 020 | |a9780660480367 |
| 040 | |aCaOODSP|bfre|erda|cCaOODSP |
| 041 | 7|ascs|afre|2iso639-3 |
| 043 | |an-cn-nt |
| 086 | 1 |aR62-592/2023FScs-PDF |
| 245 | 00|aBegháré tįch'ádíi káts'eneta erįhtł'é = |bLe guide des traces d'animaux. |
| 246 | 31|aGuide des traces d'animaux |
| 264 | 1|a[Gatineau, Québec] : |bParcs Canada = Parks Canada, |c[2023] |
| 264 | 4|c©2023 |
| 300 | |a1 ressource en ligne (24 pages) : |billustrations (principalement en couleur) |
| 336 | |atexte|btxt|2rdacontent/fre |
| 337 | |ainformatique|bc|2rdamedia/fre |
| 338 | |aressource en ligne|bcr|2rdacarrier/fre |
| 500 | |aPublié aussi en esclave du Nord/anglais sous le titre : Begháré tı̨ch'ádı́ı káts'eneta erı̨htł'é = The animal sign guide. |
| 500 | |a« Traducteur Dene : Patricia Modeste; relecture en langue Dené : Sarah Cleary … » -- Page [1]. |
| 520 | |a« Il est possible d'observer de nombreuses espèces sauvages dans le lieu historique national Saoyú-Ɂehdacho. Les animaux fréquentent différents habitats comme le Sahtú (Grand lac de l'Ours), les vallées fluviales, la forêt boréale et les milieux humides. Ces secteurs offrent de la nourriture, un abri, des aires de reproduction et des aires de repos au cours des longues migrations. De grandes espèces emblématiques comme le caribou, les ours et l'orignal vivent dans le lieu historique, mais les visiteurs peuvent également voir d'autres espèces. Les visiteurs qui connaissent bien les traces d'animaux – empreintes, excréments et autres signes – ont plus de chance de voir la faune du lieu historique. Leurs observations peuvent également aider à éviter les imprévus et les rencontres potentiellement dangereuses avec des animaux sauvages. Ce guide décrit certains des traces les plus communs de la présence d'animaux dans le lieu historique » -- Fourni par l'éditeur. |
| 546 | |aTexte en esclave du Nord et en français. |
| 650 | 6|aEmpreintes animales|zTerritoires du Nord-Ouest|zOurs, Région du Grand lac de l'. |
| 700 | 1 |aModeste, Patricia, |etraducteur. |
| 710 | 2 |aParcs Canada, |eorganisme de publication. |
| 775 | 08|tBegháré tı̨ch'ádı́ı káts'eneta erı̨htł'é = |w(CaOODSP)9.920958 |
| 776 | 0#|tLe guide des traces d'animaux.|w(CaOODSP)9.920961 |
| 856 | 40|qPDF|s20.30 Mo|uhttps://publications.gc.ca/collections/collection_2024/pc/R62-592-2023-fscs.pdf |